000 00321nmm a2200145 a 4500
003 AR-BaBNM
005 20251128203119.0
008 033119s[s.f ||||||||||||||000 | spa||
040 _cAR-BaBNM
100 1 _aBarre, André
245 1 0 _aPlatón
260 _a[S.l.]
_bL. Micmaud
_c[s.f.]
942 _cBK
998 _cBertuna
999 _c1955
_d1955